000 00820nam a2200265 a 4500
999 _c5166
_d5166
001 5166
003 BD-JhCC
005 20180217083610.0
008 171209s2007 bg |||| ||a| 000 0 ben d
020 _a9840746405
020 _a9840753029
020 _a9840749374
035 _a(BD-JhCC)5166
040 _aBD-JhCC
_dBD-JhCC
041 _aben
082 _22nd Edition
_a491.4415
_bBIS 2007
100 _aবিশ্বাস, নরেন
245 _aবাংলা একাডমী বাঙলা উচ্চারন অভিধান /
_cনরেন বিশ্বাস
250 _a2nd ed.
260 _aঢাকা :
_bবাংলা একাডেমী,
_c২০০৭.
300 _a537 p. :
_c21 cm.
650 _aPronunciation
_zBengali Language
942 _2ddc
_cREF